Diccionario de retórica, crítica y terminología literaria.

Uloženo v:
Podrobná bibliografie
Hlavní autor: Marchese, Angelo (autor)
Další autoři: Forradellas, Joaquín (autor)
Médium: Kniha
Jazyk:španělština
Vydáno: Barcelona, España: Ariel, 1994.
Vydání:4ª edición.
Edice:c.1 Donación Familia Prof. Alejandro Guzmán Brito.
Témata:
Tagy: Přidat tag
Žádné tagy, Buďte první, kdo vytvoří štítek k tomuto záznamu!

MARC

LEADER 00000nam a2200000 a 4500
001 UCX0182
003 CL-VaPUC
005 20220822114456.0
008 890824e19940000SP |||||||||||||||||spa|d
999 |c 435856  |d 435854 
020 |a 84-344-8386-6 
040 |c Pontificia Universidad Católica de Valparaíso 
082 0 4 |a 803 MAR 1994  |2 21 
100 |a Marchese, Angelo  |e autor  |9 477217 
245 1 0 |a Diccionario de retórica, crítica y terminología literaria. 
250 |a 4ª edición. 
260 |a Barcelona, España:  |b Ariel,  |c 1994. 
300 |a 446 páginas.  
440 |a  c.1 Donación Familia Prof. Alejandro Guzmán Brito.  |9 870375 
490 0 |a Letras e Ideas. Instrumenta 
500 |a  c.1 Donación Familia Prof. Alejandro Guzmán Brito. 
583 |a last modification  |c 19890824 00:00:00  |k Cristina María Rojas Aguilar 
650 0 |a Crítica literaria   |9 269189 
650 0 |a Diccionarios  |9 256200 
650 0 |a Español  |9 255372 
650 0 |a Retórica   |9 266620 
650 0 |a Lingüística  |9 265068 
700 0 |a Forradellas, Joaquín  |e autor  |9 315577 
942 |c BK  |2 ddc  |n 0 
952 |0 0  |1 0  |2 ddc  |4 0  |6 803_000000000000000_MAR_1994  |7 0  |8 C_AGB  |9 583531  |a BIBDER  |b BIBDER  |d 2022-06-08  |e Donación   |i 5651651  |o 803 MAR 1994  |p 5651651  |r 2023-01-25  |t 1  |w 2022-06-08  |y BK_US  |k AGB